Visualizzazione normale
Vista MARC
- pastorale-familiare
di Topical Term
Records bibliografici associati: 1
001 - CONTROL NUMBER
- control field: 60634
003 - CONTROL NUMBER IDENTIFIER
- control field:
005 - DATE AND TIME OF LATEST TRANSACTION
- control field: 20240416174441.0
008 - FIXED-LENGTH DATA ELEMENTS
- fixed length control field: 240416|| aca||aabn | a|a d
040 ## - CATALOGING SOURCE
- Original cataloging agency:
- Transcribing agency:
150 ## - HEADING--TOPICAL TERM
- Topical term or geographic name entry element: pastorale-familiare
- Form subdivision: dossier
670 ## - SOURCE DATA FOUND
- Source citation: Work cat.: ()221041: Boffi Pietro, Nicolli Sergio 60633, Bilancio di famiglia, 2003